| 000 | 00800nam a22002657a 4500 | ||
|---|---|---|---|
| 003 | OSt | ||
| 005 | 20240621154008.0 | ||
| 008 | 240621b |||||||| |||| 00| 0 sp d | ||
| 020 | _a109681867793 | ||
| 040 |
_aCUNOROC _bspa _cCUNOROC _dCUNOROC |
||
| 041 |
_aspa _dspa _espa _gspa _hspa |
||
| 082 | _aING 624.151 D542 | ||
| 100 | 1 | 0 |
_aDíaz, abraham _eAutor _98301 |
| 245 | 1 | 0 |
_aDinámica de suelos./ _cAbraham Díaz./ _hImpreso. |
| 260 |
_aMéxico: _bLimusa; _cc2006. |
||
| 300 |
_a322 páginas: _bil; _c28 cm. |
||
| 650 |
_aDinámica de suelos _98302 |
||
| 650 |
_aEcuaciones de movimiento _98303 |
||
| 650 |
_aIngeniería sísmica _98304 |
||
| 650 |
_aSismos _98305 |
||
| 650 |
_aSuelos granulares _98306 |
||
| 650 |
_aDensificación _98307 |
||
| 650 |
_aSuelos cohesivos _98308 |
||
| 942 |
_2ddc _cBK _n0 |
||
| 999 |
_c3016 _d3016 |
||